Effect of using differennt fertilizers on bunchin onion at royal university of agriculture,(ឥទ្ធិពលនៃការប្រើប្រាស់ជីផ្សេងៗគ្នា ទៅលើដំណាំខ្ទឹមស្លឹក នៅក្នុងលក្ខខណ្ឌសាកលវិទ្យាល័យភូិន្ធកសិកម្ម). (Record no. 742)

000 -LEADER
fixed length control field 00736nam a22001577a 4500
003 - CONTROL NUMBER IDENTIFIER
control field OSt
005 - DATE AND TIME OF LATEST TRANSACTION
control field 20150918151545.0
008 - FIXED-LENGTH DATA ELEMENTS--GENERAL INFORMATION
fixed length control field 150918b xxu||||| |||| 00| 0 eng d
040 ## - CATALOGING SOURCE
Transcribing agency RUA
082 ## - DEWEY DECIMAL CLASSIFICATION NUMBER
Classification number AGR SOU 2006 BO33 Or.1
100 ## - MAIN ENTRY--PERSONAL NAME
9 (RLIN) 773
Personal name SOUM, SOCHEAT
245 ## - TITLE STATEMENT
Title Effect of using differennt fertilizers on bunchin onion at royal university of agriculture,(ឥទ្ធិពលនៃការប្រើប្រាស់ជីផ្សេងៗគ្នា ទៅលើដំណាំខ្ទឹមស្លឹក នៅក្នុងលក្ខខណ្ឌសាកលវិទ្យាល័យភូិន្ធកសិកម្ម).
260 ## - PUBLICATION, DISTRIBUTION, ETC. (IMPRINT)
Place of publication, distribution, etc. phnom phen
Name of publisher, distributor, etc. RUA
Date of publication, distribution, etc. 2006
300 ## - PHYSICAL DESCRIPTION
Extent 41p.
Other physical details ill.
Dimensions 29cm.
942 ## - ADDED ENTRY ELEMENTS (KOHA)
Source of classification or shelving scheme
Koha item type AGR
Holdings
Price effective from Date last seen Permanent Location Not for loan Date acquired Source of classification or shelving scheme Koha item type Lost status Withdrawn status Total Renewals Date last checked out Total Checkouts Shelving location Damaged status Barcode Current Location Checked out Full call number
2015-09-182024-03-06Library Block B 2015-09-18 AGR  12024-03-069B033 RUA002755Library Block B2024-03-25AGR SOU 2006 BO33 Or.1
2015-09-182024-12-30Library Block B 2015-09-18 AGR   2024-12-0413B033 RUA002026Library Block B AGR SOU 2006 BO33 Or.2
2015-09-182023-05-26Library Block B 2015-09-18 AGR  22023-05-169B033 RUA002097Library Block B AGR SOU 2006 BO33 Or.3
2015-09-182024-11-27Library Block B 2015-09-18 AGR  12024-11-0810B033 RUA002761Library Block B AGR SOU 2006 BO33 Or.4
មជ្ឈមណ្ឌលឯការនៃសាកលវិទ្យាល័យភូមិន្ទកសិកម្មចំការដូង

Powered by Koha